[Event "CZE-chTA U20 1213"]
[Site "Czech Republic"]
[Date "2013.04.13"]
[Round "10.4"]
[White "Kozusek, Daniel"]
[Black "Johnova, Eliska"]
[Result "1-0"]
[WhiteElo "2043"]
[BlackElo "1848"]
[PlyCount "61"]
[EventDate "2012.10.06"]
[EventType "team-tourn"]
[EventRounds "11"]
[EventCountry "CZE"]
[SourceTitle "EXT 2015"]
[Source "ChessBase"]
[SourceDate "2014.11.20"]
[SourceVersion "1"]
[SourceVersionDate "2014.11.20"]
[SourceQuality "1"]
[WhiteTeam "Polabiny (U20)"]
[BlackTeam "Most Chess (U20)"]
[WhiteTeamCountry "CZE"]
[BlackTeamCountry "CZE"]

1. e4 e6 2. d4 d5 3. e5 c5 4. c3 Nc6 5. Nf3 Nge7 6. a3 cxd4 7. cxd4 Qb6 8. b4 Nf5 9. Be3 Bd7 10. Be2 Nxe3 11. fxe3 Ne7 12. Nc3 Nf5 13. Na4 Qd8 14. Kf2 Be7 15. Bd3 b6 16. e4 Nh6 17. exd5 Ng4+ 18. Ke2 exd5 19. Nc3 Bc6 20. h3 Nh6 21. Kf2 Qd7 22. Rc1 Rc8 23. Re1 0-0 24. Kg1 Bb7 25. Qc2 Kh8 26. e6 fxe6 27. Ne5 Qe8 28. Bxh7 Nf5 29. Bg6 Qd8 30. Bxf5 exf5 31. Ng6+ 1-0

[Event "CZE-chTA U20 1213"]
[Site "Czech Republic"]
[Date "2013.04.12"]
[Round "8.4"]
[White "Hajek, Oskar"]
[Black "Johnova, Eliska"]
[Result "0-1"]
[WhiteElo "1833"]
[BlackElo "1848"]
[PlyCount "74"]
[EventDate "2012.10.06"]
[EventType "team-tourn"]
[EventRounds "11"]
[EventCountry "CZE"]
[SourceTitle "EXT 2015"]
[Source "ChessBase"]
[SourceDate "2014.11.20"]
[SourceVersion "1"]
[SourceVersionDate "2014.11.20"]
[SourceQuality "1"]
[WhiteTeam "Brno Lokomotiva (U20)"]
[BlackTeam "Most Chess (U20)"]
[WhiteTeamCountry "CZE"]
[BlackTeamCountry "CZE"]

1. e4 e6 2. d4 d5 3. Nd2 Nf6 4. e5 Nfd7 5. Bd3 c5 6. c3 Nc6 7. Ne2 Be7 8. 0-0 0-0 9. Nf3 f6 10. Nf4 Nb6 11. exf6 Rxf6 12. Bxh7+ Kxh7 13. Ng5+ Kg8 14. Qh5 Rh6 15. Qf7+ Kh8 16. Ng6+ Rxg6 17. Qxg6 Bxg5 18. Bxg5 Qf8 19. f4 Bd7 20. Rf3 cxd4 21. Re1 Qf5 22. Qh5+ Qh7 23. Qf7 e5 24. fxe5 Bg4 25. Rf4 Bh5 26. Qxb7 Qg6 27. h4 dxc3 28. bxc3 Qe6 29. Qc7 Re8 30. Ref1 Nxe5 31. Qxa7 Ng4 32. R4f3 Ra8 33. Rf8+ Rxf8 34. Rxf8+ Kh7 35. Qc7 Nc4 36. Qe7 Qb6+ 37. Kh1 Qb1+ 0-1

[Event "CZE-chTW U20 1213"]
[Site "Czech Republic"]
[Date "2012.10.07"]
[Round "3.4"]
[White "Johnova, Eliska"]
[Black "Kopriva, Martin"]
[Result "1-0"]
[WhiteElo "1848"]
[BlackElo "1776"]
[PlyCount "65"]
[EventDate "2012.10.06"]
[EventType "team-tourn"]
[EventRounds "11"]
[EventCountry "CZE"]
[SourceTitle "EXT 2015"]
[Source "ChessBase"]
[SourceDate "2014.11.20"]
[SourceVersion "1"]
[SourceVersionDate "2014.11.20"]
[SourceQuality "1"]
[WhiteTeam "Most Chess (U20)"]
[BlackTeam "Klatovy (U20)"]
[WhiteTeamCountry "CZE"]
[BlackTeamCountry "CZE"]

1. e4 c5 2. Nc3 e6 3. g3 d6 4. Bg2 Nc6 5. d3 a6 6. Be3 Qc7 7. Nge2 b5 8. Qd2 Bb7 9. Nd1 Nf6 10. h3 Be7 11. f4 Nd7 12. g4 Nb6 13. 0-0 Rd8 14. f5 exf5 15. Rxf5 Bc8 16. Rf1 Bb7 17. Bf4 Qd7 18. Ne3 0-0 19. Nf5 d5 20. Neg3 dxe4 21. Nxe4 Nd5 22. Bh6 Nd4 23. Bxg7 Nxf5 24. Bxf8 Nfe3 25. Bxe7 Qxe7 26. Rf3 Nxg2 27. Qxg2 c4 28. Qd2 cxd3 29. cxd3 Nb4 30. Nf6+ Kg7 31. Qg5+ Kh8 32. Qh5 Qc5+ 33. Qxc5 1-0

[Event "EU-ch U16 Girls"]
[Site "Prague"]
[Date "2012.08.25"]
[Round "9"]
[White "Blagojevic, Tijana"]
[Black "Johnova, Eliska"]
[Result "0-1"]
[WhiteElo "2004"]
[BlackElo "1798"]
[PlyCount "108"]
[EventDate "2012.08.17"]
[EventType "swiss"]
[EventRounds "9"]
[EventCountry "CZE"]
[SourceTitle "CBM 150 Extra"]
[Source "ChessBase"]
[SourceDate "2012.10.19"]
[SourceVersion "1"]
[SourceVersionDate "2012.10.19"]
[SourceQuality "1"]

1. e4 e6 2. d4 d5 3. e5 c5 4. c3 Nc6 5. Nf3 Nge7 6. Bd3 Nf5 7. dxc5 Bxc5 8. 0-0 0-0 9. Nbd2 a6 10. Re1 Qb6 11. Qe2 d4 12. Nb3 dxc3 13. bxc3 Be7 14. Qe4 g6 15. Bg5 Qd8 16. Bxe7 Qxe7 17. Qf4 Rd8 18. Bc2 Kg7 19. Nbd2 f6 20. exf6+ Qxf6 21. Ne4 e5 22. Qc1 Qe7 23. Rb1 Be6 24. Qb2 Rab8 25. Bb3 Bg8 26. Qe2 Re8 27. Rbd1 Rbd8 28. Rxd8 Qxd8 29. Nfg5 Na5 30. Rd1 Qe7 31. Bxg8 Rxg8 32. Qd3 Re8 33. Qd5 Nc6 34. Nc5 Qxg5 35. Ne6+ Rxe6 36. Qxe6 Nfe7 37. g3 Qf5 38. Qb3 b5 39. Qa3 a5 40. Qc5 e4 41. Qb6 b4 42. cxb4 axb4 43. Qe3 Nd5 44. Qc5 Nde7 45. Qe3 Ne5 46. Kg2 Qf3+ 47. Qxf3 exf3+ 48. Kf1 N7c6 49. Ke1 Kf6 50. h3 Kf5 51. Kd2 Ke4 52. Kc2 Nd4+ 53. Kb1 Nd3 54. Rf1 Nxf2 0-1

[Event "EU-ch U16 Girls"]
[Site "Prague"]
[Date "2012.08.22"]
[Round "6"]
[White "Johnova, Eliska"]
[Black "Nicolajsen, Thea"]
[Result "1/2-1/2"]
[WhiteElo "1798"]
[BlackElo "1691"]
[PlyCount "117"]
[EventDate "2012.08.17"]
[EventType "swiss"]
[EventRounds "9"]
[EventCountry "CZE"]
[SourceTitle "CBM 150 Extra"]
[Source "ChessBase"]
[SourceDate "2012.10.19"]
[SourceVersion "1"]
[SourceVersionDate "2012.10.19"]
[SourceQuality "1"]

1. e4 c6 2. d4 d5 3. exd5 cxd5 4. Bf4 e6 5. Nd2 Nf6 6. Bd3 Nc6 7. c3 Bd6 8. Ne2 Bxf4 9. Nxf4 Qd6 10. Ne2 e5 11. dxe5 Nxe5 12. Bb5+ Bd7 13. Bxd7+ Nfxd7 14. 0-0 0-0 15. Nd4 f5 16. N2f3 Nxf3+ 17. Qxf3 f4 18. Rfe1 Rf6 19. Rad1 a6 20. Qh5 g6 21. Qg5 b5 22. Nxb5 axb5 23. Rxd5 Re6 24. Red1 Rae8 25. Kf1 Qa6 26. Qxf4 Re4 27. Qf3 Qe6 28. g3 Rf8 29. Qd3 Nf6 30. Rd8 Qh3+ 31. Kg1 Ree8 32. Rxe8 Rxe8 33. Qf1 Qf5 34. h3 Qf3 35. Rd3 Qf5 36. Re3 Rf8 37. g4 Qd5 38. Qd3 Qc5 39. Qd4 Qxd4 40. cxd4 Rd8 41. Re5 b4 42. g5 Nd5 43. Kh2 Nf4 44. Re4 Nd3 45. Re2 Rxd4 46. Rd2 Rd7 47. Kg3 Kf7 48. f4 Ke6 49. a4 Nc5 50. Rxd7 Kxd7 51. a5 Kc6 52. h4 Kd6 53. Kg4 Ke6 54. b3 Na6 55. h5 Nc5 56. h6 Na6 57. f5+ gxf5+ 58. Kf4 Kf7 59. Kxf5 1/2-1/2

[Event "Teplice op 7th"]
[Site "Teplice"]
[Date "2012.06.20"]
[Round "5"]
[White "Johnova, Eliska"]
[Black "Privoznik, Lubos"]
[Result "1-0"]
[WhiteElo "1790"]
[BlackElo "1617"]
[PlyCount "71"]
[EventDate "2012.06.16"]
[EventType "swiss"]
[EventRounds "9"]
[EventCountry "CZE"]
[SourceTitle "CBM 149 Extra"]
[Source "ChessBase"]
[SourceDate "2012.08.24"]
[SourceVersion "1"]
[SourceVersionDate "2012.08.24"]
[SourceQuality "1"]

1. e4 e5 2. Nc3 Nf6 3. f4 d5 4. fxe5 Nxe4 5. d3 Nxc3 6. bxc3 d4 7. Bb2 Nc6 8. cxd4 Nxd4 9. c3 Nf5 10. Qf3 Be7 11. d4 0-0 12. Bd3 g6 13. Ne2 Nh4 14. Qf2 Nf5 15. 0-0 Ng7 16. Nf4 b6 17. Be4 Rb8 18. Nd5 Qd7 19. Nf6+ Bxf6 20. exf6 Nh5 21. Qd2 Qg4 22. Bf3 Qf4 23. Qxf4 Nxf4 24. Be4 Ne6 25. Ba3 c5 26. d5 Nc7 27. c4 Ne8 28. Bd3 Nd6 29. Rfe1 Bf5 30. Bxf5 Nxf5 31. Rad1 Rfe8 32. Kf2 Kf8 33. Bb2 Rxe1 34. Rxe1 Re8 35. Be5 Nd4 36. Bd6+ 1-0

[Event "EU-ch U16 Girls"]
[Site "Albena"]
[Date "2011.09.17"]
[Round "6"]
[White "Nevioselaya, Maria"]
[Black "Johnova, Eliska"]
[Result "1-0"]
[WhiteElo "1989"]
[BlackElo "1770"]
[PlyCount "81"]
[EventDate "2011.09.11"]
[EventType "swiss"]
[EventRounds "9"]
[EventCountry "BUL"]
[SourceTitle "CBM 144 Extra"]
[Source "ChessBase"]
[SourceDate "2011.10.28"]
[SourceVersion "1"]
[SourceVersionDate "2011.10.28"]
[SourceQuality "1"]

1. e4 e6 2. d4 d5 3. Nc3 Nf6 4. e5 Nfd7 5. f4 c5 6. Nf3 Nc6 7. Be3 cxd4 8. Nxd4 Bc5 9. Na4 Qe7 10. Nxc5 Nxc5 11. Bb5 Bd7 12. 0-0 0-0 13. Be2 Ne4 14. c3 f6 15. exf6 Rxf6 16. Nb3 Raf8 17. Bf3 Nd6 18. g3 b6 19. Qe2 Nf5 20. Bf2 Rh6 21. Rae1 Qd8 22. Qd3 Kh8 23. Bd4 a5 24. Bf2 a4 25. Nd2 g5 26. fxg5 Rg6 27. h4 Rg7 28. Bg2 Qc7 29. g4 Nd6 30. Bg3 Re8 31. Bxd5 exd5 32. Rxe8+ Bxe8 33. Rf8+ Rg8 34. Rxg8+ Kxg8 35. Qxd5+ Bf7 36. Qxd6 Qc8 37. Ne4 Bxa2 38. Qh6 Kh8 39. Nf6 Bg8 40. g6 Qb7 41. Nh5 1-0

[Event "CZE-chT U20 final-B 1011"]
[Site "Czech Republic"]
[Date "2011.04.15"]
[Round "8.4"]
[White "Borufka, Roman"]
[Black "Johnova, Eliska"]
[Result "1-0"]
[WhiteElo "1911"]
[BlackElo "1751"]
[PlyCount "67"]
[EventDate "2010.10.02"]
[EventType "team-tourn"]
[EventRounds "11"]
[EventCountry "CZE"]
[SourceTitle "EXT 2012"]
[Source "ChessBase"]
[SourceDate "2011.11.24"]
[SourceVersion "1"]
[SourceVersionDate "2011.11.24"]
[SourceQuality "1"]
[WhiteTeam "Stare Mesto (U20)"]
[BlackTeam "Horice (U20)"]
[WhiteTeamCountry "CZE"]
[BlackTeamCountry "CZE"]

1. e4 e6 2. d4 d5 3. exd5 exd5 4. Bd3 Nc6 5. c3 Bd6 6. Ne2 Nge7 7. Bf4 Bxf4 8. Nxf4 Qd6 9. Qf3 Be6 10. Nd2 0-0-0 11. h4 Rde8 12. 0-0-0 Qd7 13. Nxe6 fxe6 14. Qg4 Nf5 15. Rde1 Rhf8 16. Nf3 a6 17. Ne5 Nxe5 18. Rxe5 g6 19. h5 Qa4 20. Kb1 c5 21. hxg6 hxg6 22. Bc2 Qc6 23. Rhe1 Rf6 24. Bxf5 gxf5 25. Qg7 Rff8 26. Rxe6 Qa4 27. b3 Qb5 28. c4 dxc4 29. Qe5 Rd8 30. Re7 Qc6 31. Qg7 cxd4 32. R1e6 Qd5 33. Rb6 Qc5 34. Rbxb7 1-0

[Event "CZE-ch U16 Girls"]
[Site "Kouty nad Desnou"]
[Date "2011.03.15"]
[Round "5"]
[White "Luzikova, Nicola"]
[Black "Johnova, Eliska"]
[Result "0-1"]
[WhiteElo "1790"]
[BlackElo "1758"]
[PlyCount "66"]
[EventDate "2011.03.12"]
[EventType "swiss"]
[EventRounds "9"]
[EventCountry "CZE"]
[SourceTitle "EXT 2014"]
[Source "ChessBase"]
[SourceDate "2013.11.20"]
[SourceVersion "1"]
[SourceVersionDate "2013.11.20"]
[SourceQuality "1"]

1. d4 e6 2. c4 d5 3. Nf3 c5 4. Nc3 Nc6 5. dxc5 d4 6. Ne4 e5 7. e3 Bg4 8. Be2 Bxf3 9. Bxf3 f5 10. Nd6+ Bxd6 11. Bxc6+ bxc6 12. cxd6 Qxd6 13. exd4 exd4 14. 0-0 Ne7 15. Re1 0-0 16. g3 Ng6 17. b3 c5 18. Qd3 f4 19. g4 f3 20. Bd2 Qd8 21. Re4 Qh4 22. Rae1 Rae8 23. Qf1 Rxe4 24. Rxe4 Kf7 25. Kh1 Re8 26. Rxe8 Kxe8 27. Qg1 Qh3 28. Bg5 Ne5 29. Qg3 Qxg3 30. fxg3 Nxg4 31. Kg1 h6 32. Bf4 g5 33. Bd6 d3 0-1

[Event "CZE-chTW U20 1011"]
[Site "Czech Republic"]
[Date "2011.01.15"]
[Round "7.5"]
[White "Nespurek, Petr"]
[Black "Johnova, Eliska"]
[Result "1-0"]
[WhiteElo "1745"]
[BlackElo "1751"]
[PlyCount "123"]
[EventDate "2010.10.02"]
[EventType "team-tourn"]
[EventRounds "11"]
[EventCountry "CZE"]
[SourceTitle "EXT 2012"]
[Source "ChessBase"]
[SourceDate "2011.11.24"]
[SourceVersion "1"]
[SourceVersionDate "2011.11.24"]
[SourceQuality "1"]
[WhiteTeam "Polabiny (U20)"]
[BlackTeam "Horice (U20)"]
[WhiteTeamCountry "CZE"]
[BlackTeamCountry "CZE"]

1. e4 e6 2. d4 d5 3. exd5 exd5 4. Bd3 Nc6 5. c3 Bd6 6. Nf3 Nge7 7. Nbd2 Bg4 8. 0-0 Qd7 9. Re1 0-0 10. Qc2 Bf5 11. Nf1 Bxd3 12. Qxd3 Nf5 13. Ne3 Nce7 14. Bd2 c6 15. Nxf5 Nxf5 16. Ne5 Qc8 17. Re2 Nh4 18. Rae1 Qc7 19. Qh3 Ng6 20. Nxg6 fxg6 21. Bg5 Qf7 22. Qe6 Qxe6 23. Rxe6 Bf4 24. Bxf4 Rxf4 25. Re7 Rf7 26. f3 Kf8 27. Rxf7+ Kxf7 28. Kf2 a5 29. a3 a4 30. Re2 b6 31. Ke1 Kf6 32. Kd2 Rd8 33. Re5 c5 34. Kd3 h6 35. f4 g5 36. fxg5+ hxg5 37. Ke3 Rd6 38. Kf3 Kf7 39. Rxg5 g6 40. Re5 Rf6+ 41. Ke2 Rd6 42. g4 Rd8 43. Kf2 cxd4 44. cxd4 Rc8 45. Re2 Rc4 46. Ke3 Kf6 47. h4 Rc1 48. h5 gxh5 49. gxh5 Rh1 50. Rc2 Kg5 51. Rc6 Rh3+ 52. Kd2 Rh2+ 53. Kc3 Rh3+ 54. Kc2 Rh2+ 55. Kc3 Rh3+ 56. Kb4 Rb3+ 57. Kxa4 Rxb2 58. Rd6 Kxh5 59. Rxd5+ Kg4 60. Rb5 Rd2 61. Rxb6 Rxd4+ 62. Rb4 1-0

[Event "CZE-chTW U20 1011"]
[Site "Czech Republic"]
[Date "2010.10.02"]
[Round "1.5"]
[White "Johnova, Eliska"]
[Black "Toman, Ondrej"]
[Result "0-1"]
[WhiteElo "1751"]
[BlackElo "1781"]
[PlyCount "80"]
[EventDate "2010.10.02"]
[EventType "team-tourn"]
[EventRounds "11"]
[EventCountry "CZE"]
[SourceTitle "EXT 2012"]
[Source "ChessBase"]
[SourceDate "2011.11.24"]
[SourceVersion "1"]
[SourceVersionDate "2011.11.24"]
[SourceQuality "1"]
[WhiteTeam "Horice (U20)"]
[BlackTeam "Udlice (U20)"]
[WhiteTeamCountry "CZE"]
[BlackTeamCountry "CZE"]

1. d4 d5 2. Nf3 c6 3. e3 Nf6 4. Bd3 Bg4 5. Nbd2 Nbd7 6. 0-0 e5 7. e4 Bd6 8. Re1 0-0 9. c3 Re8 10. Qc2 h6 11. b3 Qc7 12. h3 Bxf3 13. Nxf3 dxe4 14. Bxe4 Nxe4 15. Rxe4 Nf6 16. Re2 exd4 17. Nxd4 Rxe2 18. Nxe2 Re8 19. Be3 Nd5 20. Bc1 Qe7 21. Kf1 Nxc3 22. Be3 Nxe2 23. Qxe2 Bc5 24. Re1 Bxe3 25. fxe3 Qe4 26. Kg1 f5 27. g3 Rd8 28. Kf2 Qd5 29. Qh5 Kh7 30. g4 fxg4 31. Qxg4 Rf8+ 32. Kg3 Rf5 33. Kh2 Rg5 34. Qe2 Qe5+ 35. Kh1 Qg3 36. Qd3+ Rg6 37. Qf1 Rf6 38. Qd3+ Kg8 39. Rd1 Qxh3+ 40. Kg1 Qf5 0-1

[Event "CZE-ch U14 Girls"]
[Site "Kouty nad Desnou"]
[Date "2010.03.11"]
[Round "7"]
[White "Vlckova, Katerina"]
[Black "Johnova, Eliska"]
[Result "1-0"]
[WhiteElo "1594"]
[BlackElo "1747"]
[PlyCount "63"]
[EventDate "2010.03.06"]
[EventType "swiss"]
[EventRounds "9"]
[EventCountry "CZE"]
[SourceTitle "EXT 2012"]
[Source "ChessBase"]
[SourceDate "2011.11.24"]
[SourceVersion "1"]
[SourceVersionDate "2011.11.24"]
[SourceQuality "1"]

1. d4 d5 2. Nf3 e6 3. c4 c5 4. cxd5 exd5 5. g3 Nc6 6. Bg2 Nf6 7. Nc3 cxd4 8. Nxd4 Be6 9. Nxe6 fxe6 10. 0-0 Bc5 11. Bf4 e5 12. Bg5 d4 13. Ne4 Be7 14. Qb3 Nxe4 15. Bxe7 Nd2 16. Qxb7 Nxe7 17. Qxa8 Qxa8 18. Bxa8 Nxf1 19. Kxf1 Kd7 20. Be4 h6 21. Rd1 Rf8 22. e3 Rb8 23. b3 Rb4 24. Ke2 Ke6 25. exd4 exd4 26. Kd3 Rb8 27. Rc1 Rd8 28. Rc4 Rf8 29. f3 Nf5 30. Rc6+ Kd7 31. Ra6 Nd6 32. Rxa7+ 1-0

[Event "CZE-ch U14 Girls"]
[Site "Kouty nad Desnou"]
[Date "2010.03.10"]
[Round "6"]
[White "Johnova, Eliska"]
[Black "Stranska, Kamila"]
[Result "1-0"]
[WhiteElo "1747"]
[BlackElo "1547"]
[PlyCount "73"]
[EventDate "2010.03.06"]
[EventType "swiss"]
[EventRounds "9"]
[EventCountry "CZE"]
[SourceTitle "EXT 2012"]
[Source "ChessBase"]
[SourceDate "2011.11.24"]
[SourceVersion "1"]
[SourceVersionDate "2011.11.24"]
[SourceQuality "1"]

1. e4 Nf6 2. e5 Nd5 3. d4 d6 4. Nf3 Bg4 5. Bc4 e6 6. 0-0 Nb6 7. Bd3 d5 8. Bf4 Nc6 9. c3 Be7 10. Nbd2 0-0 11. Qc2 h6 12. h3 Bxf3 13. Nxf3 Rc8 14. Kh2 Nd7 15. Rg1 Kh8 16. g4 g5 17. Be3 Rg8 18. h4 Qf8 19. hxg5 Bxg5 20. Nxg5 hxg5 21. Rh1 Qe7 22. Bh7 Rg7 23. Kg2 Nf8 24. Bd3+ Kg8 25. Rh5 f6 26. exf6 Qxf6 27. Rah1 Kf7 28. R1h3 Ke8 29. Rf3 Qe7 30. Rh8 Kd7 31. c4 Nb4 32. Qa4+ Nc6 33. cxd5 exd5 34. Bf5+ Ne6 35. Rh6 Rf8 36. Rxe6 Qb4 37. Rxc6+ 1-0

[Event "CZE-ch U14 Girls"]
[Site "Kouty nad Desnou"]
[Date "2010.03.06"]
[Round "1"]
[White "Blechova, Lenka"]
[Black "Johnova, Eliska"]
[Result "0-1"]
[WhiteElo "1416"]
[BlackElo "1747"]
[PlyCount "52"]
[EventDate "2010.03.06"]
[EventType "swiss"]
[EventRounds "9"]
[EventCountry "CZE"]
[SourceTitle "EXT 2012"]
[Source "ChessBase"]
[SourceDate "2011.11.24"]
[SourceVersion "1"]
[SourceVersionDate "2011.11.24"]
[SourceQuality "1"]

1. e4 e6 2. d4 d5 3. exd5 exd5 4. Be2 Bd6 5. Nf3 Ne7 6. 0-0 Nbc6 7. Nc3 Bf5 8. Be3 Qd7 9. a3 0-0 10. Rc1 Rac8 11. Nb5 Ng6 12. Nxd6 Qxd6 13. c4 Nce7 14. c5 Qd7 15. b4 c6 16. Rc3 Rfe8 17. Re1 Qc7 18. Qd2 Be4 19. Qd1 Nf5 20. Ng5 Nf4 21. Bxf4 Qxf4 22. Nxe4 Qxe4 23. Rd3 Re7 24. h3 Rce8 25. Rd2 Nh4 26. f3 Qg6 0-1

[Event "CZE-chTW U20 0910"]
[Site "Czech Republic"]
[Date "2010.01.23"]
[Round "7.5"]
[White "Rydl, Jiri"]
[Black "Johnova, Eliska"]
[Result "1-0"]
[WhiteElo "1735"]
[BlackElo "1747"]
[PlyCount "63"]
[EventDate "2009.10.03"]
[EventType "team-tourn"]
[EventRounds "7"]
[EventCountry "CZE"]
[SourceTitle "EXT 2011"]
[Source "ChessBase"]
[SourceDate "2010.11.26"]
[SourceVersion "1"]
[SourceVersionDate "2010.11.26"]
[SourceQuality "1"]
[WhiteTeam "Vlasim (U20)"]
[BlackTeam "Horice (U20)"]
[WhiteTeamCountry "CZE"]
[BlackTeamCountry "CZE"]

1. e4 e6 2. d4 d5 3. e5 c5 4. c3 Nc6 5. Nf3 Bd7 6. a3 cxd4 7. cxd4 f6 8. exf6 Nxf6 9. Bf4 Be7 10. Nc3 0-0 11. Bd3 Rc8 12. 0-0 Nh5 13. Bg3 Nf4 14. Bc2 h5 15. Bxf4 Rxf4 16. Qd3 Rf5 17. Rae1 Bd6 18. g3 Be7 19. Ne5 Nxe5 20. Rxe5 g6 21. Rxf5 gxf5 22. Re1 Bf6 23. Bd1 h4 24. g4 Kh8 25. gxf5 Qg8+ 26. Kh1 exf5 27. Bb3 Be6 28. Rg1 Qf7 29. Qe3 Bg7 30. Qf4 Qf6 31. Re1 Rd8 32. Rxe6 1-0

[Event "CZE-chTW U20 0910"]
[Site "Czech Republic"]
[Date "2009.10.03"]
[Round "1.5"]
[White "Kejhova, Lenka"]
[Black "Johnova, Eliska"]
[Result "0-1"]
[WhiteElo "1569"]
[BlackElo "1747"]
[PlyCount "80"]
[EventDate "2009.10.03"]
[EventType "team-tourn"]
[EventRounds "7"]
[EventCountry "CZE"]
[SourceTitle "EXT 2011"]
[Source "ChessBase"]
[SourceDate "2010.11.26"]
[SourceVersion "1"]
[SourceVersionDate "2010.11.26"]
[SourceQuality "1"]
[WhiteTeam "Plzen (U20)"]
[BlackTeam "Horice (U20)"]
[WhiteTeamCountry "CZE"]
[BlackTeamCountry "CZE"]

1. e4 e6 2. d4 d5 3. e5 c5 4. c3 Nc6 5. Nf3 Bd7 6. Bb5 cxd4 7. cxd4 Qa5+ 8. Nc3 Bb4 9. Bxc6 Bxc3+ 10. bxc3 Qxc3+ 11. Bd2 Qxc6 12. 0-0 Ne7 13. Rc1 Qa4 14. Qxa4 Bxa4 15. Rb1 Bc6 16. Bb4 Rc8 17. Rfc1 Kd7 18. Ng5 Rcf8 19. Bd6 f6 20. Nf3 Rc8 21. Bxe7 Kxe7 22. Nd2 Rhd8 23. Nb3 fxe5 24. dxe5 d4 25. Na5 Be4 26. Rxc8 Rxc8 27. Rd1 Rc2 28. f3 Rxa2 29. Rxd4 Bd5 30. Nxb7 Bxb7 31. Rc4 Bd5 32. Rc7+ Kf8 33. Rc8+ Kf7 34. Rc7+ Kg6 35. f4 a5 36. g3 a4 37. Ra7 a3 38. h3 Rg2+ 39. Kf1 Rxg3 40. h4 a2 0-1

[Event "CZE-ch U14 Girls"]
[Site "Kouty nad Desnou"]
[Date "2009.03.11"]
[Round "6"]
[White "Johnova, Eliska"]
[Black "Hlavackova, Jana"]
[Result "1-0"]
[WhiteElo "1720"]
[BlackElo "1422"]
[PlyCount "35"]
[EventDate "2009.03.07"]
[EventType "swiss"]
[EventRounds "9"]
[EventCountry "CZE"]
[SourceTitle "EXT 2011"]
[Source "ChessBase"]
[SourceDate "2010.11.26"]
[SourceVersion "1"]
[SourceVersionDate "2010.11.26"]
[SourceQuality "1"]

1. e4 e5 2. Nc3 Nc6 3. Bc4 Nf6 4. d3 Bc5 5. Bg5 h6 6. Bh4 g5 7. Bg3 d6 8. h4 Nh7 9. Qh5 Qd7 10. Nd5 Ne7 11. Nf6+ Nxf6 12. Qxf7+ Kd8 13. Qxf6 Qe8 14. hxg5 h5 15. Bf7 Qf8 16. g6 Qh6 17. Bh4 d5 18. Bg5 1-0

[Event "CZE-ch U14 Girls"]
[Site "Kouty nad Desnou"]
[Date "2009.03.09"]
[Round "3"]
[White "Luzikova, Nicola"]
[Black "Johnova, Eliska"]
[Result "0-1"]
[WhiteElo "1260"]
[BlackElo "1720"]
[PlyCount "102"]
[EventDate "2009.03.07"]
[EventType "swiss"]
[EventRounds "9"]
[EventCountry "CZE"]
[SourceTitle "EXT 2011"]
[Source "ChessBase"]
[SourceDate "2010.11.26"]
[SourceVersion "1"]
[SourceVersionDate "2010.11.26"]
[SourceQuality "1"]

1. e4 e6 2. d4 d5 3. Nc3 Nf6 4. exd5 Nxd5 5. Nxd5 exd5 6. Nf3 Bd6 7. Bd3 Nc6 8. h3 0-0 9. 0-0 Nb4 10. Be2 Bf5 11. c3 Nc2 12. Rb1 Nxd4 13. Ra1 Nxe2+ 14. Qxe2 Qe7 15. Qb5 c6 16. Qb3 Rfe8 17. Be3 Be4 18. Nd4 Qe5 19. f4 Qe7 20. Nf3 Bc2 21. Qxc2 Qxe3+ 22. Qf2 Qxf2+ 23. Rxf2 Bxf4 24. Kf1 Bg3 25. Re2 Rxe2 26. Kxe2 Re8+ 27. Kd3 f6 28. Rd1 Kf7 29. b3 g5 30. c4 dxc4+ 31. bxc4 Rd8+ 32. Kc2 Rxd1 33. Kxd1 Ke6 34. Ke2 Be5 35. Ke3 b5 36. cxb5 cxb5 37. Ke4 b4 38. Kd3 Kd5 39. Nd2 h5 40. g4 hxg4 41. hxg4 Ke6 42. Kc4 Bc3 43. Ne4 Ke5 44. Nxc3 bxc3 45. Kxc3 f5 46. gxf5 Kxf5 47. Kd3 Kf4 48. Ke2 Kg3 49. Kf1 Kh2 50. Kf2 g4 51. Kf1 g3 0-1